Statistics for 香港電車路線圖 Hong Kong Tram Route

Click here to take the quiz!

General Stats

  • This quiz has been taken 15 times
  • The average score is 28 of 67

Answers on the Map

Answers color-coded by a green-red scale on the quiz's map according to % correct below.
 

Answer Stats

Answer% Correct
跑馬地總站 Happy Valley Terminus
92%
堅尼地城總站 Kennedy Town Terminus
92%
銅鑼灣總站 Causeway Bay Terminus
75%
北角總站 North Point Terminus
75%
維多利亞公園 Victoria Park
75%
金鐘港鐵站 Admiralty MTR Station
67%
堅拿道西 Canal Road West
67%
西灣河電車廠 Sai Wan Ho Depot
67%
屈地街 Whitty Street
67%
屈地街電車廠 Whitty Street Depot
67%
炮台山 Fortress Hill
58%
木星街 Jupiter Street
58%
康山 Kornhill
58%
北角道 North Point Road
58%
北街 North Street
58%
皇后街 Queen Street
58%
杜老誌道 Tonnochy Road
58%
上環(西港城)總站 Western Market Terminus
58%
西邊街 Western Street
58%
東邊街 Eastern Street
50%
菲林明道 Fleming Road
50%
雪廠街 Ice House Street
50%
盧押道 Luard Road
50%
皇后大道東 Queen's Road East
50%
皇后大道西 Queen's Road West
50%
石塘咀總站 Shek Tong Tsui Terminus
50%
太安街 Tai On Street
50%
軍器廠街 Arsenal Street
42%
柴灣道 Chai Wan Road
42%
春秧街 Chun Yeung Street
42%
芬尼街 Finnie Street
42%
山道 Hill Road
42%
興發街 Hing Fat Street
42%
渣華道 Java Road
42%
百德新街 Paterson Street
42%
畢打街 Pedder Street
42%
波斯富街 Percival Street
42%
筲箕灣總站 Sau Kei Wan Terminus
42%
船塢里 Shipyard Lane
42%
天樂里 Tin Lok Lane
42%
銀行街 Bank Street
33%
健康東街 Healhy Street East
33%
健康西街 Healthy Street West
33%
禮頓道 Leighton Road
33%
柯布連道 O'Brien Road
33%
書局街 Shu Kuk Street
33%
水街 Water Street
33%
樂活道 Broadwood Road
25%
分域街 Fenwick Street
25%
荷蘭街 Holland Street
25%
香港墳場 Hong Kong Cemetery
25%
摩利臣山道 Morrison Hill Road
25%
柏架山道 Mount Parker Road
25%
信德街 Shelter Street
25%
太康街 Tai Hong Street
25%
電照街 Tin Chiu Street
25%
富明街 Foo Ming Street
17%
禧利街 Hiller Street
17%
海富街 Hoi Foo Street
17%
租庇利街 Jubilee Street
17%
港澳碼頭 Macau Ferry Terminal
17%
美利道 Murray Road
17%
南康街 Nam Hong Street
17%
永興街 Wing Hing Street
17%
黃泥涌道 Wong Nai Chung Road
17%
機利文街 Gilman Street
8%
太古城道 Tai Koo Sing Road
8%

Score Distribution

Percentile by Number Answered

Percent of People with Each Score

Your Score History

You have not taken this quiz